[Event "WJCC U20 Open 2019"]
[Site "New Delhi"]
[Date "2019.10.17"]
[Round "4.24"]
[White "Visakh N R"]
[Black "Kukelko, Alexey"]
[Result "1-0"]
[WhiteElo "2529"]
[BlackElo "2342"]
[Annotator "ChessBase"]
[PlyCount "107"]
[EventDate "2019.10.15"]
[EventType "swiss"]
[EventCountry "IND"]
[SourceTitle "playchess.com"]
[Source "ChessBase"]
[SourceQuality "1"]
[TimeControl "40/5400+30:1800+30"]

1. d4 {[%emt 0:00:55]} Nf6 {[%emt 0:00:42]} 2. Bg5 {[%emt 0:00:22]} c5 {[%emt 0:00:32]} 3. Bxf6 {[%emt 0:01:46]} gxf6 {[%emt 0:01:04]} 4. d5 {[%emt 0:00:43]} Qb6 {[%emt 0:00:57]} 5. Qc1 {[%emt 0:01:20]} f5 {[%emt 0:01:57]} 6. c4 {[%emt 0:12:10]} Bg7 {[%emt 0:01:54]} 7. Nc3 {[%emt 0:00:47]} d6 {[%emt 0:00:51]} 8. e3 {[%emt 0:02:15]} Nd7 {[%emt 0:07:38]} 9. Nh3 {[%emt 0:02:11]} Nf6 {[%emt 0:05:33]} 10. Qc2 {[%emt 0:03:23]} Ne4 {[%emt 0:14:52]} 11. Rc1 {[%emt 0:01:34]} e6 {[%emt 0:12:06]} 12. Bd3 {[%emt 0:03:30]} Nxc3 {[%emt 0:08:52]} 13. bxc3 {[%emt 0:00:03]} Be5 {[%emt 0:00:45]} 14. O-O {[%emt 0:01:09]} Bd7 {[%emt 0:07:59]} 15. f4 {[%emt 0:02:22]} Bf6 {[%emt 0:02:09]} 16. dxe6 {[%emt 0:00:36]} fxe6 {[%emt 0:06:14]} 17. e4 {[%emt 0:00:17]} fxe4 {[%emt 0:00:04]} 18. Bxe4 {[%emt 0:00:05]} Qa6 {[%emt 0:00:02]} 19. f5 {[%emt 0:02:57]} Be5 {[%emt 0:08:06]} 20. Rb1 {[%emt 0:10:49]} Rb8 {[%emt 0:05:36]} 21. Qe2 {[%emt 0:03:17]} Kd8 22. Ng5 {[%emt 0:01:21]} exf5 {[%emt 0:11:44]} 23. Nf7+ {[%emt 0:08:47]} Kc7 {[%emt 0:00:15]} 24. Nxe5 {[%emt 0:00:34]} dxe5 {[%emt 0:00:57]} 25. Bxf5 {[%emt 0:00:05]} Rbe8 {[%emt 0:00:16]} 26. Bxd7 {[%emt 0:00:12]} Kxd7 {[%emt 0:00:07]} 27. Rf7+ {[%emt 0:00:14]} Kc8 {[%emt 0:00:21]} 28. Qe4 {[%emt 0:00:38]} Qc6 {[%emt 0:01:07]} 29. Qxc6+ {[%emt 0:02:07]} bxc6 {[%emt 0:00:01]} 30. Rxa7 {[%emt 0:00:07]} e4 {[%emt 0:00:08]} 31. Kf2 {[%emt 0:02:18]} Rd8 {[%emt 0:02:02]} 32. Ke2 {[%emt 0:01:09]} Rhg8 {[%emt 0:00:11]} 33. g3 {[%emt 0:03:10]} h5 {[%emt 0:00:07]} 34. Ke3 {[%emt 0:06:55]} h4 {[%emt 0:00:38]} 35. gxh4 {[%emt 0:00:36]} Rg2 {[%emt 0:01:08]} 36. Ra8+ {[%emt 0:00:23]} Kc7 {[%emt 0:00:01]} 37. Rxd8 {[%emt 0:00:12]} Kxd8 {[%emt 0:00:00]} 38. Rd1+ {[%emt 0:00:17]} Ke7 {[%emt 0:00:50]} 39. Rd2 {[%emt 0:02:00]} Rg4 {[%emt 0:00:02]} 40. a4 {[%emt 0:02:40]} Rxh4 {[%emt 0:00:06]} 41. a5 {[%emt 0:30:05]} Ke6 {[%emt 0:04:59]} 42. Rd8 {[%emt 0:00:00]} Ke5 {[%emt 0:01:24]} 43. Re8+ {[%emt 0:00:00]} Kf5 {[%emt 0:00:04]} 44. a6 {[%emt 0:00:00]} Rh3+ {[%emt 0:00:08]} 45. Kf2 {[%emt 0:00:00]} Rxh2+ {[%emt 0:00:04]} 46. Kg3 {[%emt 0:00:00]} Ra2 {[%emt 0:00:04]} 47. Ra8 {[%emt 0:00:00]} Kf6 {[%emt 0:06:32]} 48. a7 {[%emt 0:00:00]} Kg7 {[%emt 0:00:03]} 49. Kf4 {[%emt 0:00:00]} Ra4 {[%emt 0:06:26]} 50. Kxe4 {[%emt 0:00:00]} Rxc4+ {[%emt 0:00:06]} 51. Ke5 {[%emt 0:00:00]} Ra4 {[%emt 0:00:05]} 52. c4 {[%emt 0:00:00]} Ra6 {[%emt 0:04:14]} 53. Kd6 {[%emt 0:00:00]} Kh7 {[%emt 0:00:06]} 54. Rc8 {[%emt 0:00:00]} 1-0

[Event "WJCC U20 Open 2019"]
[Site "New Delhi"]
[Date "2019.10.17"]
[Round "4.25"]
[White "Arjun Kalyan"]
[Black "Neelash Saha"]
[Result "0-1"]
[WhiteElo "2483"]
[BlackElo "2334"]
[Annotator "ChessBase"]
[PlyCount "84"]
[EventDate "2019.10.15"]
[EventType "swiss"]
[EventCountry "IND"]
[SourceTitle "playchess.com"]
[Source "ChessBase"]
[SourceQuality "1"]
[TimeControl "40/5400+30:1800+30"]

1. e4 {[%emt 0:00:00]} c6 {[%emt 0:00:22]} 2. d4 {[%emt 0:00:17]} d5 {[%emt 0:00:05]} 3. e5 {[%emt 0:00:06]} Bf5 {[%emt 0:00:07]} 4. h4 {[%emt 0:00:19]} h5 {[%emt 0:00:06]} 5. Bd3 {[%emt 0:00:12]} Bxd3 {[%emt 0:00:08]} 6. Qxd3 {[%emt 0:00:05]} Qa5+ {[%emt 0:00:04]} 7. Nd2 {[%emt 0:00:41]} e6 {[%emt 0:00:10]} 8. Ngf3 {[%emt 0:00:43]} Qa6 {[%emt 0:00:26]} 9. c4 {[%emt 0:00:22]} Ne7 {[%emt 0:00:37]} 10. O-O {[%emt 0:00:14]} Nf5 {[%emt 0:00:08]} 11. b3 {[%emt 0:00:27]} Be7 {[%emt 0:00:50]} 12. a4 {[%emt 0:00:28]} Nd7 {[%emt 0:08:48]} 13. Ba3 {[%emt 0:00:37]} Bxa3 {[%emt 0:15:29]} 14. Rxa3 {[%emt 0:00:02]} Qb6 {[%emt 0:00:06]} 15. b4 {[%emt 0:02:10]} Qd8 {[%emt 0:02:40]} 16. cxd5 {[%emt 0:13:21]} cxd5 {[%emt 0:00:07]} 17. Rc1 {[%emt 0:00:37]} Rc8 {[%emt 0:35:45]} 18. Rxc8 {[%emt 0:18:46]} Qxc8 {[%emt 0:00:05]} 19. Rc3 {[%emt 0:00:03]} Qb8 {[%emt 0:00:38]} 20. Qc2 {[%emt 0:11:01]} O-O {[%emt 0:00:38]} 21. a5 {[%emt 0:00:17]} Rd8 {[%emt 0:08:03]} 22. b5 {[%emt 0:05:29]} Ne7 {[%emt 0:06:32]} 23. Ng5 {[%emt 0:02:19]} Nf8 {[%emt 0:01:48]} 24. Qd1 {[%emt 0:08:54]} Rc8 {[%emt 0:06:45]} 25. Qxh5 {[%emt 0:05:52]} Rxc3 {[%emt 0:00:44]} 26. Qxf7+ {[%emt 0:00:06]} Kh8 {[%emt 0:00:02]} 27. Qxe7 {[%emt 0:05:26]} Rc7 {[%emt 0:00:16]} 28. Qa3 {[%emt 0:01:43]} Kg8 {[%emt 0:02:01]} 29. Ndf3 {[%emt 0:01:35]} Qe8 {[%emt 0:00:55]} 30. Qd3 {[%emt 0:02:32]} Rc4 {[%emt 0:01:06]} 31. Qb1 {[%emt 0:01:29]} Qe7 {[%emt 0:01:30]} 32. b6 {[%emt 0:01:21]} Rb4 {[%emt 0:02:18]} 33. Qc2 {[%emt 0:00:41]} axb6 {[%emt 0:00:21]} 34. axb6 {[%emt 0:00:02]} Rxb6 {[%emt 0:00:24]} 35. g4 {[%emt 0:01:37]} Rc6 {[%emt 0:00:35]} 36. Qd2 {[%emt 0:00:01]} b5 {[%emt 0:00:21]} 37. Ne1 {[%emt 0:00:32]} Rc4 38. Ngf3 {[%emt 0:00:41]} Qa3 {[%emt 0:05:16]} 39. h5 {[%emt 0:01:00]} Qc1 {[%emt 0:00:22]} 40. Qa5 {[%emt 0:00:26]} b4 {[%emt 0:00:38]} 41. Qd8 {[%emt 0:31:53]} Qf4 {[%emt 0:30:38]} 42. g5 {[%emt 0:00:37]} Qg4+ {[%emt 0:01:25]} 0-1

[Event "WJCC U20 Open 2019"]
[Site "New Delhi"]
[Date "2019.10.17"]
[Round "4.26"]
[White "Bharath Subramaniyam H"]
[Black "Nitish Belurkar"]
[Result "1/2-1/2"]
[WhiteElo "2417"]
[BlackElo "2311"]
[Annotator "NA"]
[PlyCount "127"]
[EventDate "2019.10.15"]
[EventType "swiss"]
[EventCountry "IND"]
[SourceTitle "playchess.com"]
[Source "ChessBase"]
[SourceQuality "1"]
[TimeControl "40/5400+30:1800+30"]

1. e4 e6 2. d4 d5 3. Nc3 Nf6 4. Bg5 Be7 5. e5 Nfd7 6. Bxe7 $11 Qxe7 7. f4 a6 8. Nf3 c5 9. dxc5 Nc6 10. Qd2 Nxc5 11. Bd3 O-O 12. O-O f6 13. exf6 Qxf6 14. g3 Bd7 15. Rae1 Rad8 16. Ne5 Nxe5 17. Rxe5 Be8 18. Rfe1 Bf7 19. Qf2 Nd7 20. R5e2 Rfe8 21. Qf3 Nb8 22. Qf2 Nc6 23. g4 e5 24. fxe5 Nxe5 25. Qxf6 gxf6 26. Rf1 Kg7 27. Ref2 Rd6 28. Ne2 Bg6 29. Bf5 d4 30. Rd1 Bxf5 31. gxf5 d3 32. Nc1 d2 33. Nd3 Nxd3 34. Rfxd2 Rd5 35. Rxd3 Rxf5 36. Rg3+ Kf8 37. Rd2 Re1+ 38. Kg2 Rfe5 39. Kf2 Re7 40. c4 Rc1 41. b3 b5 42. cxb5 axb5 43. Rf3 Kg7 44. Rf5 Rb7 45. Kg3 Ra1 46. Rdf2 Rb6 47. Kh4 Ra6 48. Rg2+ Kf7 49. Rff2 Ke6 50. Kh5 Ke5 51. Re2+ Kd4 52. Kh6 f5+ 53. Kg5 f4 54. Rd2+ Kc3 55. Kxf4 Kb4 56. Ke5 Ka3 57. Kd5 b4 58. Rc2 Rd1+ 59. Rgd2 Rxd2+ 60. Rxd2 Ra8 61. Kc6 Rc8+ 62. Kb7 Rg8 63. Rc2 h5 64. Kb6 1/2-1/2

[Event "WJCC U20 Open 2019"]
[Site "New Delhi"]
[Date "2019.10.17"]
[Round "4.27"]
[White "Eugene, Floryan"]
[Black "Bronstein, Or"]
[Result "1/2-1/2"]
[WhiteElo "2346"]
[BlackElo "2413"]
[Annotator "TA"]
[PlyCount "43"]
[EventDate "2019.10.15"]
[EventType "swiss"]
[EventCountry "IND"]
[SourceTitle "playchess.com"]
[Source "ChessBase"]
[SourceQuality "1"]

{[%evp 13,43,16,21,0,24,0,0,0,0,0,0,0,0,0,2,0,0,0,0,0,0,0,0,0,0,0,0,0,0,0,0,0]} 1. e4 c5 2. Nf3 d6 3. d4 cxd4 4. Nxd4 Nf6 5. Nc3 a6 6. Be3 e5 7. Nb3 Be6 8. h3 {B90: Sicilian Najdorf: Unusual White 6th moves, 6 Be3 Ng4 and 6 Be3 e5} Be7 9. g4 d5 {The position is equal.} 10. exd5 Nxd5 11. Bg2 Nxe3 12. Qxd8+ Bxd8 13. fxe3 Bh4+ 14. Kf1 Nc6 15. Nc5 Bc4+ {[#]} 16. Kg1 $146 O-O-O 17. b3 Bg5 18. Re1 Bh4 19. Rb1 Bg5 $1 {[%cal Rg5e3]} 20. Re1 Bh4 21. Rb1 Bg5 $1 {[%cal Rg5e3]} 22. Re1 1/2-1/2

[Event "WJCC U20 Open 2019"]
[Site "New Delhi"]
[Date "2019.10.17"]
[Round "4.28"]
[White "Papadiamandis, Elliot"]
[Black "Hollan, Martin"]
[Result "1/2-1/2"]
[WhiteElo "2190"]
[BlackElo "2403"]
[Annotator "NA"]
[PlyCount "67"]
[EventDate "2019.10.15"]
[EventType "swiss"]
[EventCountry "IND"]
[SourceTitle "playchess.com"]
[Source "ChessBase"]
[SourceQuality "1"]
[TimeControl "40/5400+30:1800+30"]

1. e4 {[%emt 0:00:43]} e5 {[%emt 0:00:00]} 2. Nf3 {[%emt 0:00:18]} Nc6 {[%emt 0:00:00]} 3. Bc4 {[%emt 0:00:16]} Nf6 {[%emt 0:00:00]} 4. d3 {[%emt 0:00:06]} Be7 {[%emt 0:00:07]} 5. c3 {[%emt 0:00:10]} O-O {[%emt 0:00:08]} 6. Nbd2 {[%emt 0:00:22]} d6 {[%emt 0:00:49]} 7. Bb3 {[%emt 0:00:18]} Be6 $14 {[%emt 0:01:06]} 8. O-O {[%emt 0:03:52]} Qd7 {[%emt 0:03:02]} 9. Re1 {[%emt 0:01:38]} Rae8 {[%emt 0:03:40]} 10. d4 {[%emt 0:03:58]} Bxb3 {[%emt 0:01:56]} 11. Qxb3 {[%emt 0:02:27]} Qc8 {[%emt 0:00:29]} 12. d5 {[%emt 0:06:29]} Nd8 {[%emt 0:04:27]} 13. Nf1 {[%emt 0:02:58]} Nh5 {[%emt 0:02:42]} 14. Qd1 {[%emt 0:00:38]} g6 {[%emt 0:00:30]} 15. Bh6 {[%emt 0:02:03]} Ng7 {[%emt 0:00:11]} 16. Qd2 {[%emt 0:03:10]} f5 {[%emt 0:02:06]} 17. exf5 {[%emt 0:02:48]} Qxf5 {[%emt 0:00:48]} 18. Ng3 {[%emt 0:01:39]} Qd7 {[%emt 0:00:23]} 19. Ne4 {[%emt 0:01:43]} Nf7 {[%emt 0:10:26]} 20. Bxg7 {[%emt 0:02:36]} Kxg7 {[%emt 0:00:11]} 21. c4 {[%emt 0:01:25]} h6 {[%emt 0:01:39]} 22. b4 {[%emt 0:03:13]} g5 {[%emt 0:00:55]} 23. Qd3 {[%emt 0:02:14]} Nh8 {[%emt 0:06:07]} 24. Ng3 {[%emt 0:08:21]} Ng6 {[%emt 0:02:10]} 25. Nh5+ {[%emt 0:00:24]} Kh7 {[%emt 0:00:08]} 26. Nd2 {[%emt 0:00:44]} Qg4 {[%emt 0:21:27]} 27. Qe2 {[%emt 0:01:45]} Qf5 {[%emt 0:04:18]} 28. Rf1 {[%emt 0:03:40]} g4 {[%emt 0:05:35]} 29. Ng3 {[%emt 0:00:48]} Nf4 {[%emt 0:01:26]} 30. Qe4 {[%emt 0:01:12]} Qxe4 {[%emt 0:00:13]} 31. Ngxe4 {[%emt 0:01:11]} b5 {[%emt 0:09:21]} 32. Rfd1 {[%emt 0:06:27]} a5 {[%emt 0:01:21]} 33. bxa5 {[%emt 0:00:54]} bxc4 {[%emt 0:04:30]} 34. Nxc4 {[%emt 0:04:38]} 1/2-1/2

[Event "WJCC U20 Open 2019"]
[Site "New Delhi"]
[Date "2019.10.17"]
[Round "4.29"]
[White "Di Benedetto, Edoardo"]
[Black "Saurabh Anand"]
[Result "0-1"]
[WhiteElo "2401"]
[BlackElo "2236"]
[Annotator "NA"]
[PlyCount "66"]
[EventDate "2019.10.15"]
[EventType "swiss"]
[EventCountry "IND"]
[SourceTitle "playchess.com"]
[Source "ChessBase"]
[SourceQuality "1"]
[TimeControl "40/5400+30:1800+30"]

1. d4 {[%emt 0:00:00]} d5 {[%emt 0:00:00]} 2. c4 {[%emt 0:00:00]} e6 {[%emt 0:00:08]} 3. Nc3 {[%emt 0:00:00]} Be7 {[%emt 0:00:24]} 4. cxd5 {[%emt 0:00:08]} exd5 {[%emt 0:00:31]} 5. Bf4 {[%emt 0:00:09]} c6 {[%emt 0:01:18]} 6. e3 {[%emt 0:00:23]} Bf5 {[%emt 0:00:35]} 7. g4 {[%emt 0:00:10]} Be6 {[%emt 0:00:57]} 8. h4 {[%emt 0:00:34]} Nd7 {[%emt 0:04:45]} 9. h5 {[%emt 0:00:30]} Nh6 {[%emt 0:04:49]} 10. Be2 {[%emt 0:00:53]} Qb6 {[%emt 0:01:38]} 11. Rb1 {[%emt 0:03:33]} f6 {[%emt 0:03:34]} 12. Bxh6 {[%emt 0:26:57]} gxh6 {[%emt 0:03:07]} 13. Nh3 {[%emt 0:00:11]} Bd6 {[%emt 0:05:48]} 14. Nf4 {[%emt 0:02:01]} Bxf4 {[%emt 0:01:25]} 15. exf4 {[%emt 0:00:08]} f5 {[%emt 0:00:43]} 16. g5 {[%emt 0:02:55]} O-O-O {[%emt 0:01:09]} 17. Qd2 {[%emt 0:03:38]} Rhf8 {[%emt 0:09:23]} 18. gxh6 {[%emt 0:16:04]} Nf6 {[%emt 0:03:16]} 19. f3 {[%emt 0:00:10]} Bf7 {[%emt 0:02:00]} 20. b4 {[%emt 0:01:46]} Nxh5 {[%emt 0:02:01]} 21. Kf2 {[%emt 0:06:01]} Qc7 {[%emt 0:05:45]} 22. Rh4 {[%emt 0:03:41]} Qd6 {[%emt 0:03:52]} 23. Rbh1 {[%emt 0:06:51]} Qxh6 {[%emt 0:05:18]} 24. Qd3 {[%emt 0:06:19]} Be8 {[%emt 0:01:41]} 25. a3 {[%emt 0:12:10]} Kb8 {[%emt 0:01:03]} 26. Qe3 {[%emt 0:01:37]} Rg8 {[%emt 0:01:47]} 27. Qe7 {[%emt 0:02:58]} Bg6 {[%emt 0:03:34]} 28. Qe5+ {[%emt 0:02:22]} Ka8 {[%emt 0:00:20]} 29. Qc7 {[%emt 0:01:39]} Rc8 {[%emt 0:07:21]} 30. Qd7 {[%emt 0:00:34]} Rgd8 {[%emt 0:01:53]} 31. Qe7 {[%emt 0:00:24]} Re8 {[%emt 0:00:16]} 32. Qd7 {[%emt 0:00:31]} Qf8 {[%emt 0:02:17]} 33. Rxh5 {[%emt 0:00:28]} Re7 {[%emt 0:00:34]} 0-1

[Event "WJCC U20 Open 2019"]
[Site "New Delhi"]
[Date "2019.10.17"]
[Round "4.30"]
[White "Wagh Suyog"]
[Black "Dobrovoljc, Vid"]
[Result "1/2-1/2"]
[WhiteElo "2229"]
[BlackElo "2389"]
[Annotator "NA"]
[PlyCount "106"]
[EventDate "2019.10.15"]
[EventType "swiss"]
[EventCountry "IND"]
[SourceTitle "playchess.com"]
[Source "ChessBase"]
[SourceQuality "1"]
[TimeControl "40/5400+30:1800+30"]

1. c4 {[%emt 0:00:00]} Nf6 {[%emt 0:01:32]} 2. Nc3 {[%emt 0:00:00]} g6 {[%emt 0:03:01]} 3. g3 {[%emt 0:01:25]} Bg7 {[%emt 0:00:07]} 4. Bg2 {[%emt 0:00:44]} d6 {[%emt 0:00:12]} 5. Rb1 {[%emt 0:02:35]} a5 {[%emt 0:00:50]} 6. Nf3 {[%emt 0:00:53]} O-O {[%emt 0:01:21]} 7. O-O {[%emt 0:00:24]} e5 {[%emt 0:00:34]} 8. d3 {[%emt 0:00:03]} h6 {[%emt 0:05:10]} 9. a3 {[%emt 0:00:12]} Re8 {[%emt 0:01:39]} 10. Nd2 {[%emt 0:02:01]} c6 {[%emt 0:05:21]} 11. b4 {[%emt 0:08:54]} axb4 {[%emt 0:03:04]} 12. axb4 {[%emt 0:01:16]} d5 {[%emt 0:00:38]} 13. b5 {[%emt 0:01:56]} Be6 {[%emt 0:05:46]} 14. Bb2 {[%emt 0:23:40]} Nbd7 {[%emt 0:07:14]} 15. Qc2 {[%emt 0:04:17]} Rc8 {[%emt 0:06:27]} 16. bxc6 {[%emt 0:07:17]} bxc6 {[%emt 0:00:23]} 17. Ba3 {[%emt 0:00:25]} Qc7 {[%emt 0:04:35]} 18. Rfc1 {[%emt 0:02:49]} Qa7 {[%emt 0:12:57]} 19. Ra1 {[%emt 0:09:49]} dxc4 {[%emt 0:03:49]} 20. Nce4 {[%emt 0:12:43]} cxd3 {[%emt 0:01:35]} 21. exd3 {[%emt 0:00:17]} Nxe4 {[%emt 0:04:44]} 22. Nxe4 {[%emt 0:00:46]} Qd4 {[%emt 0:09:53]} 23. Bb2 {[%emt 0:01:57]} Qb4 {[%emt 0:00:13]} 24. Ba3 {[%emt 0:00:11]} Qd4 {[%emt 0:00:05]} 25. Nd6 {[%emt 0:01:25]} c5 {[%emt 0:00:07]} 26. Nxe8 {[%emt 0:01:47]} Rxe8 {[%emt 0:00:03]} 27. Bb2 {[%emt 0:01:31]} Qd6 {[%emt 0:00:34]} 28. Ra8 {[%emt 0:00:24]} Rxa8 {[%emt 0:00:07]} 29. Bxa8 {[%emt 0:00:01]} Kh7 {[%emt 0:00:17]} 30. Bg2 {[%emt 0:00:42]} Bf6 {[%emt 0:01:43]} 31. Re1 {[%emt 0:02:04]} h5 {[%emt 0:01:05]} 32. h4 {[%emt 0:00:04]} Qa6 {[%emt 0:01:37]} 33. Bf1 {[%emt 0:03:16]} Qd6 {[%emt 0:00:56]} 34. Ba3 {[%emt 0:02:05]} Bd8 {[%emt 0:03:42]} 35. Rc1 {[%emt 0:01:25]} Bb6 {[%emt 0:00:58]} 36. Kh2 {[%emt 0:00:31]} Bf5 {[%emt 0:00:18]} 37. Qc4 {[%emt 0:01:57]} Qf6 {[%emt 0:00:35]} 38. Bg2 {[%emt 0:03:21]} Bg4 {[%emt 0:01:47]} 39. Qc2 {[%emt 0:00:31]} Kg8 {[%emt 0:01:06]} 40. Qd2 {[%emt 0:03:45]} Qd6 {[%emt 0:02:13]} 41. Qc2 {[%emt 0:05:37]} Bf5 {[%emt 0:02:25]} 42. Be4 {[%emt 0:00:38]} Bg4 {[%emt 0:00:29]} 43. Rb1 {[%emt 0:03:12]} Be6 {[%emt 0:06:54]} 44. Rb5 {[%emt 0:01:56]} Kh7 {[%emt 0:01:26]} 45. Kg2 {[%emt 0:03:03]} Kg7 {[%emt 0:03:23]} 46. Qc3 {[%emt 0:01:24]} Kh7 {[%emt 0:00:47]} 47. Bb2 {[%emt 0:03:39]} Bd8 {[%emt 0:03:35]} 48. Ba3 {[%emt 0:01:55]} Bb6 {[%emt 0:00:22]} 49. Kh2 {[%emt 0:00:48]} Kg8 {[%emt 0:00:48]} 50. Qc2 {[%emt 0:02:37]} Kh7 {[%emt 0:01:26]} 51. Kg1 {[%emt 0:04:42]} Kg7 {[%emt 0:00:47]} 52. Bc1 {[%emt 0:00:56]} Kg8 {[%emt 0:01:26]} 53. Bg5 {[%emt 0:02:20]} Kh7 {[%emt 0:01:39]} 1/2-1/2

[Event "WJCC U20 Open 2019"]
[Site "New Delhi"]
[Date "2019.10.17"]
[Round "4.31"]
[White "Winkelman, Albert"]
[Black "Rajdeep Sarkar"]
[Result "1-0"]
[WhiteElo "2143"]
[BlackElo "2384"]
[Annotator "NA"]
[PlyCount "93"]
[EventDate "2019.10.15"]
[EventType "swiss"]
[EventCountry "IND"]
[SourceTitle "playchess.com"]
[Source "ChessBase"]
[SourceQuality "1"]
[TimeControl "40/5400+30:1800+30"]

1. e4 {[%emt 0:00:00]} c5 {[%emt 0:00:00]} 2. Nf3 {[%emt 0:00:00]} d6 {[%emt 0:00:02]} 3. d4 {[%emt 0:00:01]} cxd4 {[%emt 0:00:07]} 4. Nxd4 {[%emt 0:00:14]} Nf6 {[%emt 0:00:04]} 5. Nc3 {[%emt 0:00:18]} Nc6 {[%emt 0:00:05]} 6. Bg5 {[%emt 0:00:28]} e6 {[%emt 0:00:06]} 7. Qd2 {[%emt 0:00:20]} a6 {[%emt 0:00:05]} 8. O-O-O {[%emt 0:00:24]} Bd7 {[%emt 0:00:07]} 9. f3 {[%emt 0:00:46]} Be7 {[%emt 0:00:05]} 10. Kb1 {[%emt 0:02:45]} Qc7 {[%emt 0:00:04]} 11. Nxc6 {[%emt 0:00:17]} Bxc6 {[%emt 0:00:03]} 12. Ne2 {[%emt 0:00:31]} b5 {[%emt 0:01:44]} 13. Nd4 {[%emt 0:00:14]} Bd7 {[%emt 0:00:38]} 14. c3 {[%emt 0:00:18]} Rb8 {[%emt 0:02:45]} 15. Bd3 {[%emt 0:16:59]} a5 {[%emt 0:02:27]} 16. Rhe1 {[%emt 0:01:24]} O-O {[%emt 0:01:50]} 17. Qe2 {[%emt 0:12:46]} b4 {[%emt 0:05:42]} 18. c4 {[%emt 0:00:07]} Rfe8 {[%emt 0:06:49]} 19. e5 {[%emt 0:16:45]} dxe5 {[%emt 0:05:46]} 20. Qxe5 {[%emt 0:00:20]} Bd6 {[%emt 0:10:10]} 21. Qe3 {[%emt 0:03:55]} Nh5 {[%emt 0:01:18]} 22. Ne2 {[%emt 0:03:36]} Be7 {[%emt 0:15:08]} 23. g4 {[%emt 0:05:40]} Nf6 {[%emt 0:08:29]} 24. Bf4 {[%emt 0:17:58]} Qb6 {[%emt 0:00:30]} 25. Ng3 {[%emt 0:06:45]} Bc5 {[%emt 0:03:56]} 26. Qd2 {[%emt 0:01:52]} Ba4 {[%emt 0:07:24]} 27. b3 {[%emt 0:01:06]} Bc6 {[%emt 0:00:02]} 28. Bxb8 {[%emt 0:01:22]} Rxb8 {[%emt 0:00:05]} 29. g5 {[%emt 0:00:09]} Nd7 {[%emt 0:00:59]} 30. Be4 {[%emt 0:00:16]} Nf8 {[%emt 0:02:18]} 31. Bxc6 {[%emt 0:00:18]} Qxc6 {[%emt 0:00:01]} 32. Ne4 {[%emt 0:00:12]} Be7 {[%emt 0:00:01]} 33. Qf4 {[%emt 0:01:39]} Ra8 {[%emt 0:03:32]} 34. Nd6 {[%emt 0:00:28]} Bxd6 {[%emt 0:01:24]} 35. Rxd6 {[%emt 0:00:36]} Qc7 {[%emt 0:00:03]} 36. Rd4 {[%emt 0:00:25]} Qa7 {[%emt 0:00:11]} 37. Qd2 {[%emt 0:05:58]} a4 {[%emt 0:01:04]} 38. Rd8 {[%emt 0:00:15]} Rxd8 {[%emt 0:04:22]} 39. Qxd8 {[%emt 0:00:08]} Qf2 {[%emt 0:00:01]} 40. Qd1 {[%emt 0:00:12]} Qxh2 {[%emt 0:01:02]} 41. c5 {[%emt 0:32:03]} a3 {[%emt 0:32:52]} 42. Qc2 {[%emt 0:00:22]} Qc7 {[%emt 0:00:54]} 43. c6 {[%emt 0:00:29]} e5 {[%emt 0:00:27]} 44. Re4 {[%emt 0:00:35]} Ne6 {[%emt 0:00:44]} 45. Rxb4 {[%emt 0:00:23]} Nd4 {[%emt 0:00:45]} 46. Rb7 {[%emt 0:00:32]} Qc8 {[%emt 0:00:19]} 47. c7 {[%emt 0:00:21]} 1-0

[Event "WJCC U20 Open 2019"]
[Site "New Delhi"]
[Date "2019.10.17"]
[Round "4.32"]
[White "Rakesh Kumar Jena"]
[Black "Milikow, Yoav"]
[Result "1-0"]
[WhiteElo "2355"]
[BlackElo "2199"]
[Annotator "NA"]
[PlyCount "99"]
[EventDate "2019.10.15"]
[EventType "swiss"]
[EventCountry "IND"]
[SourceTitle "playchess.com"]
[Source "ChessBase"]
[SourceQuality "1"]
[TimeControl "40/5400+30:1800+30"]

1. d4 {[%emt 0:00:00]} Nf6 {[%emt 0:00:00]} 2. Nf3 {[%emt 0:00:00]} g6 {[%emt 0:00:05]} 3. Nc3 {[%emt 0:00:00]} d5 {[%emt 0:00:44]} 4. Bf4 {[%emt 0:00:00]} Bg7 {[%emt 0:00:51]} 5. e3 {[%emt 0:00:02]} O-O {[%emt 0:01:09]} 6. Be2 {[%emt 0:00:07]} Bf5 {[%emt 0:09:16]} 7. h3 {[%emt 0:00:21]} Ne4 {[%emt 0:15:23]} 8. g4 {[%emt 0:06:48]} Nxc3 {[%emt 0:00:25]} 9. bxc3 {[%emt 0:00:02]} Be6 {[%emt 0:07:50]} 10. Rb1 {[%emt 0:00:59]} Qc8 {[%emt 0:00:39]} 11. c4 {[%emt 0:16:24]} c5 {[%emt 0:09:53]} 12. cxd5 {[%emt 0:19:21]} Bxd5 {[%emt 0:00:12]} 13. c4 {[%emt 0:00:17]} Be4 {[%emt 0:00:19]} 14. Bd3 {[%emt 0:00:12]} Bxd3 {[%emt 0:07:15]} 15. Qxd3 {[%emt 0:00:30]} cxd4 {[%emt 0:02:07]} 16. exd4 {[%emt 0:00:40]} f5 {[%emt 0:02:58]} 17. g5 {[%emt 0:12:05]} Nc6 {[%emt 0:02:05]} 18. d5 {[%emt 0:16:52]} Na5 {[%emt 0:00:30]} 19. O-O {[%emt 0:00:30]} Qxc4 {[%emt 0:00:30]} 20. Qxc4 {[%emt 0:00:30]} Nxc4 {[%emt 0:00:30]} 21. Rxb7 {[%emt 0:00:30]} Nb6 {[%emt 0:04:56]} 22. Rd1 {[%emt 0:02:10]} Rfd8 {[%emt 0:02:26]} 23. d6 {[%emt 0:02:31]} exd6 {[%emt 0:00:18]} 24. Rxd6 {[%emt 0:00:25]} Nd5 {[%emt 0:01:09]} 25. Rxd8+ {[%emt 0:01:20]} Rxd8 {[%emt 0:00:01]} 26. Be5 {[%emt 0:00:51]} Bxe5 {[%emt 0:00:38]} 27. Nxe5 {[%emt 0:00:19]} Re8 {[%emt 0:02:28]} 28. Nc6 {[%emt 0:04:24]} Nf4 {[%emt 0:04:19]} 29. Rxa7 {[%emt 0:03:40]} Nxh3+ {[%emt 0:00:56]} 30. Kg2 {[%emt 0:00:02]} Nxg5 {[%emt 0:00:38]} 31. a4 {[%emt 0:01:14]} Re2 {[%emt 0:04:02]} 32. a5 {[%emt 0:02:03]} Ne4 {[%emt 0:01:00]} 33. a6 {[%emt 0:00:39]} Rxf2+ {[%emt 0:00:11]} 34. Kg1 {[%emt 0:00:07]} Ra2 {[%emt 0:02:49]} 35. Ra8+ {[%emt 0:01:28]} Kg7 {[%emt 0:00:01]} 36. a7 {[%emt 0:01:11]} Ra1+ {[%emt 0:01:21]} 37. Kg2 {[%emt 0:00:19]} Ra2+ {[%emt 0:00:06]} 38. Kf3 {[%emt 0:01:07]} Ra3+ {[%emt 0:02:18]} 39. Kf4 {[%emt 0:05:42]} g5+ {[%emt 0:01:27]} 40. Ke5 {[%emt 0:00:07]} g4 {[%emt 0:00:56]} 41. Rb8 {[%emt 0:30:12]} g3 {[%emt 0:30:52]} 42. a8=Q Rxa8 {[%emt 0:00:11]} 43. Rxa8 {[%emt 0:00:28]} g2 {[%emt 0:01:01]} 44. Ra1 {[%emt 0:00:04]} Nd2 {[%emt 0:00:32]} 45. Nd4 {[%emt 0:00:13]} Nf1 {[%emt 0:00:57]} 46. Nf3 {[%emt 0:00:09]} Kh6 {[%emt 0:01:20]} 47. Kf4 {[%emt 0:00:31]} Kh5 {[%emt 0:00:36]} 48. Ra2 {[%emt 0:00:11]} Nd2 {[%emt 0:00:41]} 49. Rxd2 {[%emt 0:00:09]} h6 {[%emt 0:00:05]} 50. Ng1 {[%emt 0:00:11]} 1-0